Представление документа в формате MARC21

Поле Инд. ПП Название Значение
Тип записи a
Библиографический уровень b
001 Контрольный номер RU/IS/BASE/148578205
005 Дата корректировки 20200630193207.2
084 a Индекс другой классификации/Индекс ББК 66.4(2Рос),0; 66.4(0),69
100 1_ a Автор Сафонов М. В.
245 a Заглавие От "семерки" к "восьмерке": эволюция и перспективы российского участия в саммитах великих держав
504 a Библиография Библиогр. ссылки
650 a Основная рубрика внешняя политика
a Основная рубрика международные отношения
a Основная рубрика политика
653 a Ключевые слова "Библиотечная группа"
a Ключевые слова "Группа восьми" ("Большая восьмерка")
a Ключевые слова "Группа семи" ("Большая семерка")
a Ключевые слова история международных отношений
a Ключевые слова международное сотрудничество
a Ключевые слова международное экономическое сотрудничество
a Ключевые слова международные совещания
a Ключевые слова мировое политическое развитие
a Ключевые слова принципы международных отношений
a Ключевые слова Россия
a Ключевые слова саммиты
773 t Заглавие источника Вестник Московского университета. Серия 18, Социология и политология
d Дата издания источника 2002
g Прочая информация № 4. - С. 12 - 26 : табл.
w Контрольный № источника RU/IS/BASE/148578004
901 t Тип документа b